MDQL
is popping MORE tags! Check the
thread
!
Quizzes
Events
Quiz Creation
Community
Videos
Private Events
Remove Ads
Sign In
Join for FREE
Feedback
Dark Mode
Quiz Categories
Sports
Geography
Music
Movies
Television
Just For Fun
Miscellaneous
History
Literature
Language
Science
Gaming
Entertainment
Religion
Holiday
For Kids
Quiz Lab
Recent
Popular Today
Quiz Kudos Today
Editor Picks
Curator Picks
Quizzes by...
Day
Popularity
Type
Ratings
Length
Year
Community
Subscriptions
Recent Discussions
Orange Saloon
Badges
Playlists
Quests
Create
Leaderboards
Showdown
Live 5
Trivia Bingo
Activity
Puzzle Library
Sporcle Events
Private Events
Virtual Trivia
Globe League
Become a Host
Pub Owners
SporcleCon
Opinionation
Our Games
Videos
Blog
Mobile Apps
Partnerships
Remove Ads and Go Orange
Feedback
Sports
Athletes
MLB
NBA
NHL
NFL
Soccer
Sports Teams
WWE
NCAA
Football
Premier League
Basketball
Baseball
Hockey
Golf
Tennis
Cricket
Rugby
Auto Racing
Olympics
World Cup
Sports
Athletes
MLB
NBA
NHL
NFL
Soccer
Sports Teams
WWE
NCAA
Football
Premier League
Basketball
Baseball
Hockey
Golf
Tennis
Cricket
Rugby
Auto Racing
Olympics
World Cup
Random Quiz
Search Sporcle
×
Quiz Lab
Quiz Lab
Sports
NCAA
Type in answers that appear in a list
Type in answers that appear in a list
Classic
Best Score? Go Orange.
2011 NCAAF Bowl Teams Stats
Can you name the teams who have been selected to play in a bowl for the 2011-2012 NCAAF season?
By
jcannon15
8m
70 Questions
655 Plays
655 Plays
655 Plays
Comments
Comments
Give Quiz Kudos
Give Quiz Kudos
-
- Ratings
hide this ad
Replay
Link that replays current quiz
Next Quiz
Link to next quiz in quiz playlist
You Got
0%
They Got
Avg Score
75%
Avg Friend Score
Upgrade to see
Score Distribution
Jump to the score distribution portion of the page
Score
0/70
Timer
08:00
0
Plays Today
Bowl Game
Team
% Correct
National Championship
Alabama
98.2%
National Championship
LSU
97.7%
Gator Bowl
Florida
94.8%
Rose Bowl
Oregon
94.7%
Sugar Bowl
Michigan
94.2%
Holiday Bowl
Texas
93.7%
Insight Bowl
Oklahoma
92.5%
Famous Idaho Potato Bowl
Ohio
91.5%
Fiesta Bowl
Oklahoma State
91.5%
Outback Bowl
Michigan State
91.1%
Gator Bowl
Ohio State
90.8%
Champs Sports Bowl
Florida State
90.7%
Outback Bowl
Georgia
90.7%
Rose Bowl
Wisconsin
90.7%
MAACO Bowl
Boise State
89.6%
Orange Bowl
Clemson
88.9%
Kraft Fight Hunger Bowl
UCLA
86.9%
Fiesta Bowl
Stanford
86.6%
Chick-
fil-
A Bowl
Virginia
86.4%
Sugar Bowl
Virginia Tech
86.4%
Cotton Bowl
Arkansas
85.5%
Meineke Car Care Bowl
Texas A&M
84.9%
Alamo Bowl
Washington
84.6%
Insight Bowl
Iowa
84.1%
Ticketcity Bowl
Penn State
84%
Orange Bowl
West Virginia
83.5%
Poinsettia Bowl
TCU
82.9%
Capital One Bowl
South Carolina
82.7%
Cotton Bowl
Kansas State
82.7%
Chick-
fil-
A Bowl
Auburn
81.8%
Champs Sports Bowl
Notre Dame
81.7%
MAACO Bowl
Arizona State
81.4%
Independence Bowl
North Carolina
80.8%
Ticketcity Bowl
Houston
80.6%
Sun Bowl
Georgia Tech
79.2%
Bowl Game
Team
% Correct
Capital One Bowl
Nebraska
79.2%
Sun Bowl
Utah
78.8%
Alamo Bowl
Baylor
77.3%
Holiday Bowl
California
76.3%
Military Bowl
Air Force
75.7%
Kraft Fight Hunger Bowl
Illinois
75%
Compass Bowl
Pitt
74.7%
Pinstripe Bowl
Iowa State
74%
Music City Bowl
Mississippi State
71.1%
Independence Bowl
Missouri
70.8%
Belk Bowl
Louisville
70.7%
Little Caesar's Bowl
Purdue
68.4%
Pinstripe Bowl
Rutgers
66.7%
Belk Bowl
North Carolina State
66.3%
Armed Forces Bowl
BYU
66.3%
Hawaii Bowl
Nevada
66%
Liberty Bowl
Vanderbilt
65.2%
Meineke Car Care Bowl
Northwestern
64.1%
Liberty Bowl
Cincinnati
62.9%
Hawaii Bowl
Southern Miss
62.4%
Compass Bowl
SMU
59.2%
Music City Bowl
Wake Forest
58.6%
Famous Idaho Potato Bowl
Utah State
58.5%
New Mexico Bowl
Wyoming
57.1%
Godaddy.com Bowl
Northern Illinois
57.1%
Military Bowl
Toledo
55.9%
New Mexico Bowl
Temple
55.7%
Armed Forces Bowl
Tulsa
55.4%
Little Caesar's Bowl
Western Michigan
54.2%
Godaddy.com Bowl
Arkansas State
50.8%
Beef 'O' Brady's Bowl
Marshall
50.2%
Beef 'O' Brady's Bowl
Florida International
45.2%
New Orleans Bowl
San Diego State
45%
Poinsettia Bowl
Louisiana Tech
44%
New Orleans Bowl
Louisiana-Lafayette
43.8%
Quiz Playlist
Details
Report
Send in Message
Add To Playlist
Classic:
Type in answers that appear in a list
Last Updated: Feb 16, 2017
Quiz Scoreboard
CHALLENGE
Sign Up to Join the Scoreboard
Show All
Scores
Hide
Comments
May contain spoilers
Recently Published
Holiday 10x10 Sorting Gallery
by lukepisani3
Holiday
15m
Two Season TV Shows II
by 123Four
Television
10m
Image Sorting: Flags VI
by Barbecue
Geography
2m
More to Explore
Quiz From the Vault
Featured Blog Post
14 Easter Pick-up Lines to Find Eggs With
hide this ad
You Might Also Like...
Tags
NCAA Quiz
BCS
BCS Bowl
BCS Champion
NCAA Football
NCAAF Schools
Today's Top Quizzes in Sports
Browse Sports
hide this ad
Today's Top Quizzes in NCAA
Browse NCAA
Top Contributed Quizzes in Sports
1
Les meilleurs buteurs des matchs entre le PSG et l’OM
2
Les entraîneurs de l'OM et du PSG au 21e siècle
3
2022 World Cup Stars
4
Les joueurs passés par le PSG et l'OM
5
Players with Multiple 50 Home Run Seasons
6
FIFA Club World Cup Champions
7
Criteria MLB: Left Handed Sluggers
8
Les joueurs passés par le LOSC et le RC Lens
9
Top 10 NHL Goal Scorers of All Time
10
NBA Logic Puzzle 2.0
Explore More
Trending Topics
Disney
Harry Potter
Marvel
Kpop
Crossword
Anime
NBA
Country
Song
WWE
Soccer
Pokémon
NFL
Puzzle
The Office
hide this ad
More By:
jcannon15
Quiz
Plays
Rating
Category
Featured
Created
Texas Big 4 Teams
103,137
4.17
Sports
Apr 16, 2011
Top 5 MLB Players by Position - BleacherReport
9,780
2.72
Sports
Feb 12, 2012
Wanted Dead Or Alive Lyrics
3,670
4.62
Music
Feb 14, 2012
Most Top 25 AP Rankings 1999-pres. (NCAAB)
2,441
3.78
Sports
Mar 12, 2011
2011 NCAAF Bowl Teams
655
4.50
Sports
Dec 5, 2011
Go to Creator's Profile
Score Distribution
Quiz Creator Spotlight
jcannon15
Follow
Send a Message
Quizzes Created
-
Created Quiz Play Count
-
More By This Creator
Popular Quizzes Today
1
Find the US States - No Outlines Minefield
2
Colored Red Africa Blitz
3
Find the 'City' Movie
4
The Countries of the World
5
5x2 Blitz: Bands
6
Find the Countries of Europe - No Outlines Minefield
7
Find the US States
8
US States
More Sports Quizzes
Highest-Paid Soccer Players 2018
Quiz Lab
Trending Quizzes
Colored Red Europe Blitz I
Colored Red Africa Blitz II
Colored Red Europe Blitz II
Even More Two Season TV Shows
Colored Red Africa Blitz III
Recently Updated
Odd Team Out - Big 4 Players
pecheneg
Quick Pick: 20 Twenties
pecheneg
March Madness Men's Triple Doubles
pecheneg
How Do You Spell That?
pecheneg
Godzilla Movies
pecheneg
Grab Bag: 4-10 Letters
pecheneg
2024 March Madness Bracket
pecheneg
Famous TV Couples
Peacemaker
Champions League XIs: Real Madrid
pecheneg
Largest US Cities 1790-2010
pecheneg
Trending Topics
Marvel
Anime
Crossword
Kpop
Disney
Harry Potter
NBA
Song
WWE
Country
Pokémon
NFL
Puzzle
The Office
Soccer
Your Account Isn't Verified!
In order to create a playlist on Sporcle, you need to verify the email address you used during registration. Go to your
Sporcle Settings
to finish the process.
Report this User
Report this user for behavior that violates our
Community Guidelines
.
Details:
Send Report
Go to the Sporcle.com Mobile Site →
Comments